000 00817nam a2200253Ia 4500
003 OSt
005 20220926012334.0
006 a|||||r|||| 00| 0
007 ta
008 220923b |||||||| |||| 00| 0 eng d
020 _a052143164/6
037 _cGeneral Book
040 _aRTL
_cRTL
_beng
041 _2eng
_aeng
082 _aX9(D26):27.4651.N9, N3
100 _aLowi Miriam R.
_9109422
245 0 _aWater and power
_b The politics of a scarce resourc
260 _aNew York
_bCambridge University Press U. S. A.
_c1993
300 _axix, 291p. Bibliography p.271-85; Appendix p.205-11
_ccm.
490 _aCambridge Middle East Library, 31.
650 _aRiver Industry
_9233815
942 _hX9(D26):27.4651.N9, N3
_cGB
_2CC
999 _c622579
_d622579